Hagamos juntos el camino de la paz; discurso del Dr. Oscar Arias Sánchez, Presidente de la República de Costa Rica en la Universidad de Harvard, el 24 de setiembre de 1987. Let us go together on the road to peace

Shranjeno v:
Bibliografske podrobnosti
Glavni avtor: Arias Sánchez, Oscar
Format: Texto
Izdano: San José: s.e.
Oznake: Označite
Brez oznak, prvi označite!

MARC

LEADER 00000 a a2200000 04500
001 24328
003
040 |a CRAI/IIS  |c CRAI/IIS 
090 |a 166700  
100 |a Arias Sánchez, Oscar  
245 |a Hagamos juntos el camino de la paz; discurso del Dr. Oscar Arias Sánchez, Presidente de la República de Costa Rica en la Universidad de Harvard, el 24 de setiembre de 1987. Let us go together on the road to peace  
260 |a San José:   |b s.e.  
300 |a 10 p.  
999 |c 14157  |d 14157